<?xml version="1.0" encoding="UTF-8"?>
<collection xmlns="http://www.loc.gov/MARC21/slim">
 <record>
  <leader>00953cam a2200217 7i4500</leader>
  <controlfield tag="001">0000078110</controlfield>
  <controlfield tag="005">20100124090000.0</controlfield>
  <controlfield tag="008">100124s2008    njua     b    001 0 eng d</controlfield>
  <datafield tag="020" ind1="#" ind2="0">
   <subfield code="a">9780471782421 </subfield>
  </datafield>
  <datafield tag="090" ind1="0" ind2="0">
   <subfield code="a">TP 201 </subfield>
   <subfield code="b">.G8 2008</subfield>
  </datafield>
  <datafield tag="245" ind1="0" ind2="0">
   <subfield code="a">Guidelines for chemical transportation safety, security, and risk management  </subfield>
   <subfield code="c">Center for Chemical Process Safety.</subfield>
  </datafield>
  <datafield tag="250" ind1="#" ind2="#">
   <subfield code="a">2nd ed..</subfield>
  </datafield>
  <datafield tag="260" ind1="#" ind2="#">
   <subfield code="a">Hoboken, N.J.: </subfield>
   <subfield code="b">Wiley, </subfield>
   <subfield code="c">2008.</subfield>
  </datafield>
  <datafield tag="300" ind1="#" ind2="#">
   <subfield code="a">xxvi, 166 p. :: </subfield>
   <subfield code="b">ill. ;; </subfield>
   <subfield code="c">24 cm. +.</subfield>
  </datafield>
  <datafield tag="504" ind1="0" ind2="0">
   <subfield code="a">Includes bibliographical references and index</subfield>
  </datafield>
  <datafield tag="650" ind1="0" ind2="0">
   <subfield code="a">Chemicals -- </subfield>
   <subfield code="x">Transportation -- </subfield>
   <subfield code="x">Safety measures </subfield>
  </datafield>
  <datafield tag="710" ind1="2" ind2="1">
   <subfield code="a">American Institute of Chemical Engineers </subfield>
  </datafield>
  <datafield tag="999" ind1=" " ind2=" ">
   <subfield code="a">1100071785</subfield>
   <subfield code="b">CD-ROM</subfield>
   <subfield code="c">Bahan Pandang Dengar</subfield>
   <subfield code="e">BILIK BAHAN SUMBER MEDIA</subfield>
  </datafield>
  <datafield tag="999" ind1=" " ind2=" ">
   <subfield code="a">1100071714</subfield>
   <subfield code="b">Book</subfield>
   <subfield code="c">Bahan Pandang Dengar</subfield>
   <subfield code="e">KOLEKSI TERBUKA</subfield>
  </datafield>
  <datafield tag="999" ind1=" " ind2=" ">
   <subfield code="a">1100071784</subfield>
   <subfield code="b">CD-ROM</subfield>
   <subfield code="c">Bahan Pandang Dengar</subfield>
   <subfield code="e">BILIK BAHAN SUMBER MEDIA</subfield>
  </datafield>
  <datafield tag="999" ind1=" " ind2=" ">
   <subfield code="a">1100071783</subfield>
   <subfield code="b">Book</subfield>
   <subfield code="c">Bahan Pandang Dengar</subfield>
   <subfield code="e">KOLEKSI TERBUKA</subfield>
  </datafield>
 </record>
</collection>
